00393 2200157 4500001002100000008004100021035002000062245002900082100001400111260003200125300002200157020002200179084001400201082000800215990001200223INLIS000000000002795 IND  a0010-0925000142 aBukan UntukmucDien Ilmi aDien Ilmi aJakartabRumah Oranyec2014 a336c(13 x 19 cm) a978-602-1588-34-5 a813 DIE b a813 a0755017